000 00936nam2a22002291 4500
001 v19\rc\2084579
005 20250620043504.0
035 _a(NLR Aleph) 005174462
090 _a5092112
_c5092112
100 _a20081218d1912 |||y0rusy50 ca
101 0 _arus
102 _aRU
105 _ay z |||||
200 1 _aОтступление из Москвы в 1812-м году
_e(По письмам французов)
210 _d1912
_aБ. м.
461 0 _1001v19\rc\2084575
_12001#$aБиблиотека двенадцатого года$eВып. 1$v[Вып. 4]
_95092086
_cМосква
_d1912
_nОстров
_oВып. 1
_tБиблиотека двенадцатого года
_v[Вып. 4]
532 1 1 _aОтступление из Москвы в тысяча восемьсот двенадцатом году
801 0 _aRU
_bNLR
_gpsbo
801 1 _aRU
_bProSoft-M
_2rusmarc
852 _aNLR
_j37.46.10.1
942 _cBOOK
980 _aNB